Daňovníci dane a daňová povinnosť právnických osôb

Právnické osoby - definícia. Subjekty, ktoré nie sú ani fyzické, ani právnické osoby. Vznik právnickej osoby vo väzbe na charakter daňovníka. Organizačné zložky právnických osôb. Podnikanie zahraničných osôb na území Slovenskej republiky. Daňovník v likvidácii, v konkurze a vyrovnaní. Daňová povinno...

Descrizione completa

Salvato in:
Dettagli Bibliografici
Autore principale: Oláh, Eduard
Natura: Capitolo di libro
Lingua:slovacco
Soggetti:
Tags: Aggiungi Tag
Nessun Tag, puoi essere il primo ad aggiungerne!!

MARC

LEADER 00000naa a2200000 4500
001 r047179
005 20230927070917.6
041 0 |a slo 
044 |a SK 
245 1 0 |a Daňovníci dane a daňová povinnosť právnických osôb  |c Eduard Oláh 
520 |a Právnické osoby - definícia. Subjekty, ktoré nie sú ani fyzické, ani právnické osoby. Vznik právnickej osoby vo väzbe na charakter daňovníka. Organizačné zložky právnických osôb. Podnikanie zahraničných osôb na území Slovenskej republiky. Daňovník v likvidácii, v konkurze a vyrovnaní. Daňová povinnosť daňovníkov, dane z príjmov právnických osôb. Princíp osobnej a vecnej daňovej príslušnosti. Daňoví rezidenti a nerezidenti. 
610 2 0 |a dane 
610 2 0 |a povinnosť daňová 
610 2 0 |a osoby právnické 
610 2 0 |a osoby zahraničné 
610 2 0 |a daňovníci 
610 2 0 |a dane z príjmov 
610 2 0 |a rezidenti 
610 2 0 |a nerezidenti 
610 2 0 |a Slovensko 
100 1 |a Oláh, Eduard